| 000 | 00636nam a2200181Ia 4500 | ||
|---|---|---|---|
| 008 | 100917s9999 xx 000 0 und d | ||
| 082 | _b64956 | ||
| 100 | _aप्रभुदेसाई वि. बा. | ||
| 245 | _aअभीमन्येवी व्हावो | ||
| 260 |
_bनागपूर विश्वविद्यालय प्रकाशन _c1972 |
||
| 300 | _a88 | ||
| 365 | _b5 | ||
| 520 | _aअध्यात्म | ||
| 630 | _aअभीमन्येवी व्हावो | ||
| 650 | _aअध्यात्म | ||
| 730 | _aअभीमन्येवी व्हावो | ||
| 942 | _cBOOK | ||
| 999 |
_c670350 _d670347 |
||